LEADER 02418oam 2200577 a 450 001 9910450226103321 005 20211224211944.0 010 $a0774851236 035 $a(CKB)1000000000246713 035 $a(SSID)ssj0000278288 035 $a(PQKBManifestationID)11247746 035 $a(PQKBTitleCode)TC0000278288 035 $a(PQKBWorkID)10246166 035 $a(PQKB)11556174 035 $a(CaPaEBR)404150 035 $a(CaBNvSL)gtp00521150 035 $a(MiAaPQ)EBC3242664 035 $a(MiAaPQ)EBC3412067 035 $a(Au-PeEL)EBL3412067 035 $a(CaPaEBR)ebr10113907 035 $a(OCoLC)923440666 035 $a(EXLCZ)991000000000246713 100 $a20040601d2004 uy 0 101 0 $aeng 135 $aurcn||||||||| 181 $ctxt$2rdacontent 182 $cc$2rdamedia 183 $acr$2rdacarrier 200 14$aThe courts and the colonies $ethe litigation of Hutterite Church disputes /$fAlvin J. Esau 210 $aVancouver $cUBC Press$d2004 215 $a1 online resource (xi, 384 p.) 225 1 $aLaw and society series 311 08$aPrint version: Esau, Alvin A. J. Courts and the colonies Vancouver : UBC Press, 2004 0774811161 9780774811163 320 $aIncludes bibliographical references (pages 336-372) and index. 327 $aThe Hutterites -- The Bruderhof -- The inside law against going to outside law -- Hutterite litigation before Lakeside -- Daniel Hofer, hog feeders, and excommunication -- Going to court -- Lakeside under appeal -- Lakeside and the schism within the Schmiedeleut -- Litigating again at Lakeside -- Litigating at Rock Lake, Huron, Cypress, Sprucewood, Poinsett, and leaving Lakeside -- Agreeing to divide assets, further schism, and yet more litigation -- Concluding reflections: Models of inside law and outside law interaction -- Appendix: Male genealogy of Lakeside families. 410 0$aLaw and society series (Vancouver, B.C.) 606 $aHutterian Brethren$zManitoba$xDiscipline 606 $aChurch and state$zManitoba 608 $aElectronic books. 615 0$aHutterian Brethren$xDiscipline. 615 0$aChurch and state 676 $a289.7/3 700 $aEsau$b Alvin A. J$0865228 801 0$bMiAaPQ 801 1$bMiAaPQ 801 2$bMiAaPQ 801 2$bMnSST 906 $aBOOK 912 $a9910450226103321 996 $aThe courts and the colonies$91931148 997 $aUNINA LEADER 01061nam a2200241 i 4500 001 991001678179707536 008 120419s2005 fr b 001 0 fre d 020 $a9782851212108 035 $ab14052179-39ule_inst 040 $aDip.to Filologia Class. e Scienze Filosofiche$bita 082 14$a240 100 1 $aDolbeau, François$0400408 245 10$aAugustin et la prédication en Afrique :$brecherches sur divers sermons authentiques, apocryphes ou anonymes /$cFrançois Dolbeau 260 $aParis :$bInstitut d'études augustiniennes,$c2005 300 $aVII, 686 p. ;$c25 cm 440 0$aCollection des études augustiniennes.$pSérie Antiquité ;$v179 504 $aContiene riferimenti bibliografici. Indici 907 $a.b14052179$b02-04-14$c19-04-12 912 $a991001678179707536 945 $aLE007 870.1 Augustinus DOL 01.501$g1$i2007000227565$lle007$op$pE71.09$q-$rl$s- $t0$u0$v0$w0$x0$y.i15402307$z19-04-12 996 $aAugustin et la prédication en Afrique$9238165 997 $aUNISALENTO 998 $ale007$b19-04-12$cm$da $e-$ffre$gfr $h0$i0 LEADER 04223nam 2200757 450 001 9910788132203321 005 20230126210514.0 035 $a(CKB)2670000000616319 035 $a(EBL)2050916 035 $a(SSID)ssj0001528710 035 $a(PQKBManifestationID)11845420 035 $a(PQKBTitleCode)TC0001528710 035 $a(PQKBWorkID)11518320 035 $a(PQKB)10270159 035 $a(OCoLC)909913460 035 $a(CaBNVSL)swl00405041 035 $a(Au-PeEL)EBL2050916 035 $a(CaPaEBR)ebr11056255 035 $a(CaONFJC)MIL784634 035 $a(OCoLC)910515670 035 $a(CaSebORM)9781631572326 035 $a(MiAaPQ)EBC2050916 035 $a(EXLCZ)992670000000616319 100 $a20150522d2015 fy 0 101 0 $aeng 135 $aur|n|---||||| 181 $ctxt 182 $cc 183 $acr 200 10$aWriting for the workplace $ebusiness communication for professionals /$fJanet Mizrahi 205 $aFirst edition. 210 1$aNew York, New York (222 East 46th Street, New York, NY 10017) :$cBusiness Expert Press,$d2015. 215 $a1 online resource (164 p.) 225 1 $aCorporate communication collection,$x2156-8170 300 $aDescription based upon print version of record. 311 $a1-63157-232-6 311 $a1-63157-233-4 320 $aIncludes bibliographical references (pages 143-144) and index. 327 $aPart I. Writing as a professional -- 1. Fundamentals of professional writing -- 2. Basics of document design -- Part II. Correspondence -- 3. Routine and positive messages -- 4. Persuasive and bad news messages -- 5. Social media and text messages -- Part III. Reports and presentations -- 6. Reports -- 7. Presentations -- Part IV. Employment -- 8. Employment communication -- Appendix A. 20 common writing errors to avoid -- Appendix B. Document samples -- Notes -- References -- Index. 330 3 $aEmployers consider communication one of the most critical skills for workers today. Writing for the Workplace: Business Communication for Professionals is an easy-to-follow guide that provides strategies for effective professional communication. Written to address the needs of both students entering the workforce and business professionals looking to improve their written communication, the book offers guides to compose typical workplace documents, from effective e-mails and convincing reports to winning presentations and engaging resumes. This concise book offers busy readers concrete strategies to improve their workplace writing. Part I addresses writing in today's fast-paced business and professional contexts and discusses writing as a process, professional writing style, writing tools, characteristics of effective workplace communication, and basic document design. Part II is a more detailed exploration of common written genres in the workplace and discusses correspondence such as e-mail messages, letters, memos, and social media for specific workplace situations. Part III delves into short and long reports and business presentations, and Part IV is dedicated to employment communication. Each section includes many sample documents and examines organization, tone, and genre elements. A list of common writing errors to avoid, helpful checklists, and easily scannable text make the book accessible and readable. 410 0$aCorporate communication collection.$x2156-8170 606 $aBusiness writing 606 $aBusiness communication 610 $abusiness communication 610 $abusiness presentations 610 $abusiness writing 610 $ae-mails 610 $aemployment communication 610 $anegative news 610 $apersuasive writing 610 $aprofessional communication 610 $aprofessional writing 610 $areports 610 $aroutine news 610 $aworkplace writing 615 0$aBusiness writing. 615 0$aBusiness communication. 676 $a808.06665 700 $aMizrahi$b Janet.$0866208 801 0$bMiAaPQ 801 1$bMiAaPQ 801 2$bMiAaPQ 906 $aBOOK 912 $a9910788132203321 996 $aWriting for the workplace$93791294 997 $aUNINA